书目信息 |
| 题名: |
0-3岁儿童社会性发展与教育
|
|
| 作者: | 钱文 编著 | |
| 分册: | ||
| 出版信息: | 上海 华东师范大学出版社 2014 |
|
| 页数: | 140页 | |
| 开本: | 26cm | |
| 丛书名: | 0-3岁儿童发展指导丛书 | |
| 单 册: | ||
| 中图分类: | B844.11 | |
| 科图分类: | ||
| 主题词: | 婴幼儿心理学 | |
| 电子资源: | ||
| ISBN: | 978-7-5675-1603-8 | |
| 000 | 00887oam2 2200265 450 | |
| 001 | 340393 | |
| 005 | 20150625162305.09 | |
| 010 | @a978-7-5675-1603-8@dCNY26.00 | |
| 100 | @a20150107d2014 em y0chiy50 ea | |
| 101 | 0 | @achi |
| 102 | @aCN@b310000 | |
| 105 | @ay z 000yy | |
| 106 | @ar | |
| 200 | 1 | @a0-3岁儿童社会性发展与教育@A0-3 sui er tong she hui xing fa zhan yu jiao yu@f钱文编著 |
| 210 | @a上海@c华东师范大学出版社@d2014 | |
| 215 | @a140页@d26cm | |
| 225 | 2 | @a0-3岁儿童发展指导丛书 |
| 300 | @a上海市重点图书 | |
| 330 | @a本书介绍了0-3岁婴幼儿的情绪情感、依恋、社交行为等社会性发展的规律和特点, 并提出了切实、可行的社会教育活动方案, 以促进婴幼儿社会性的发展。 | |
| 410 | 0 | @12001 @a0-3岁儿童发展指导丛书 |
| 606 | 0 | @a婴幼儿心理学 |
| 690 | @aB844.11@v5 | |
| 701 | 0 | @a钱文@Aqian wen@f(1968-)@4编著 |
| 801 | 0 | @aCN@b卓展宏图@c20150525 |
| 905 | @dB844.11@e1295@f4 | |
| 0-3岁儿童社会性发展与教育/钱文编著.-上海:华东师范大学出版社,2014 |
| 140页;26cm.-(0-3岁儿童发展指导丛书) |
| 上海市重点图书 |
| ISBN 978-7-5675-1603-8:CNY26.00 |
| 本书介绍了0-3岁婴幼儿的情绪情感、依恋、社交行为等社会性发展的规律和特点, 并提出了切实、可行的社会教育活动方案, 以促进婴幼儿社会性的发展。 |
| ● |
| 相关链接 |
|
|
|
|
正题名:0-3岁儿童社会性发展与教育
索取号:B844.11/1295
 
预约/预借
| 序号 | 登录号 | 条形码 | 馆藏地/架位号 | 状态 | 备注 |
| 1 | 865493 | 208654936 | 第一样本阅览室/ [索取号:B844.11/1295] | 在馆 | |
| 2 | 865494 | 208654945 | 第一借阅区/ [索取号:B844.11/1295] | 在馆 | |
| 3 | 865495 | 208654954 | 第一借阅区/ [索取号:B844.11/1295] | 在馆 | |
| 4 | 865496 | 208654963 | 教育系资料室/ [索取号:B844.11/1295] | 在馆 |